জলপাই রঙ্গ / (Record no. 12817)
[ view plain ]
| 000 -LEADER | |
|---|---|
| fixed length control field | 00695nam a2200217 a 4500 |
| 001 - CONTROL NUMBER | |
| JCCL Control Number | 12817 |
| 003 - CONTROL NUMBER IDENTIFIER | |
| JCCL marc code | BD-JhCC |
| 005 - DATE AND TIME OF LATEST TRANSACTION | |
| control field | 20230709110203.0 |
| 008 - FIXED-LENGTH DATA ELEMENTS--GENERAL INFORMATION | |
| fixed length control field | 230515s20222020b |||| |||| 000 0 b d |
| 020 ## - INTERNATIONAL STANDARD BOOK NUMBER | |
| International Standard Book Number | 9789848047163 |
| 035 ## - SYSTEM CONTROL NUMBER | |
| system control number | (BD-JhCC)12817 |
| 040 ## - CATALOGING SOURCE | |
| Original cataloging agency | BD-JhCC |
| Modifying agency | BD-JhCC |
| 041 ## - LANGUAGE CODE | |
| Language code of Book | ben |
| 082 ## - DEWEY DECIMAL CLASSIFICATION NUMBER | |
| Classification number | 891.4435 |
| Author mark and Year | ISL 2022 |
| 100 ## - MAIN ENTRY--PERSONAL NAME | |
| Personal name | ইসলাম, মেজর এস এম সাইদুল |
| 245 ## - TITLE STATEMENT | |
| Title | জলপাই রঙ্গ / |
| Statement of responsibility, etc | মেজর এস এম সাইদুল ইসলাম |
| 260 ## - PUBLICATION, DISTRIBUTION, ETC. (IMPRINT) | |
| Place of publication, distribution, etc | ঢাকা : |
| Name of publisher, distributor, etc | স্বরে অ, |
| Date of publication, distribution, etc | ২০২২ |
| 300 ## - PHYSICAL DESCRIPTION | |
| Pagination | ৯৩ পৃ. : |
| Dimensions | ২১ সেমি. |
| 650 ## - SUBJECT ADDED ENTRY--TOPICAL TERM | |
| Topical term or geographic name as entry element | Bangal Short story |
| 942 ## - ADDED ENTRY ELEMENTS (KOHA) | |
| Source of classification or shelving scheme | Dewey Decimal Classification |
| Koha item type | Books |
| Source of classification or shelving scheme | Damaged status | Not for loan | Home library | Current library | Shelving location | Date of accession | Cost, normal purchase price | Total Checkouts | Full call number | Barcode | Date last seen | Date checked out | Copy number | Method of acquisition | Koha item type | Currency |
|---|---|---|---|---|---|---|---|---|---|---|---|---|---|---|---|---|
| Dewey Decimal Classification | JCC Rouf Library | JCC Rouf Library | General Stacks | 05/15/2023 | 180.00 | 3 | 891.4435 ISL 2022 | 17660 | 09/30/2024 | 09/09/2024 | C-1 | Purchase | Books | BDT | ||
| Dewey Decimal Classification | JCC Rouf Library | JCC Rouf Library | General Stacks | 05/15/2023 | 180.00 | 1 | 891.4435 ISL 2022 | 17659 | 02/12/2024 | 02/05/2024 | C-2 | Purchase | Books | BDT | ||
| Dewey Decimal Classification | JCC Rouf Library | JCC Rouf Library | General Stacks | 05/15/2023 | 180.00 | 3 | 891.4435 ISL 2022 | 17658 | 01/27/2026 | 01/20/2026 | C-3 | Purchase | Books | BDT | ||
| Dewey Decimal Classification | JCC Rouf Library | JCC Rouf Library | General Stacks | 06/12/2023 | 240.00 | 2 | 891.4435 ISL 2022 | 17661 | 01/27/2026 | 01/20/2026 | C-4 | Gift/Donation | Books | BDT |